000 00396 a2200157 4500
001 61488
020 _a8572632468
040 _cAnchieta - Pituba
100 _aFerreira, Edson A. C.
240 1 0 _aVestibulares resolvidos 2006
_lpor
245 1 0 _aVestibulares resolvidos 2006
300 _a82
362 0 _a2006
650 4 _a. Vestibulares / Exames de admissão em universidades
942 _cBK
999 _c61488
_d61488